000 00385nam a2200145Ia 4500
008 220613s9999||||xx |||||||||||||| ||und||
020 _a8189485660
100 _aSharma B R & Maheshanananda Swami
245 0 _aBrahmanandas Commentary On Hathapradika Jyotsna
250 _a1st(2011)Reprint(2012
260 _bKaivalyadhama Lonavia
300 _a482
650 _ayoga
942 _cGB
999 _c11777
_d11777